| 000 | 00380nam a2200133Ia 4500 | ||
|---|---|---|---|
| 008 | 220217s9999||||xx |||||||||||||| ||und|| | ||
| 020 | _a0-07-053455-1 | ||
| 082 | _a005.16 MEY | ||
| 100 | _aMeyers, Michael | ||
| 245 | 0 | _aIntroduction to pc hardware and troubleshooting | |
| 260 |
_aTata mcgraw hill _bNew Delhi _c2004 |
||
| 300 | _b395 | ||
| 650 | _aUPGRADING AND REPAIRING | ||
| 999 |
_c173049 _d173049 |
||